00672nam a2200193 a 450000100060000000300090000600800410001502000150005604000280007108200170009910000160011624500610013226000310019330000070022450501620023165000300039365000330042365000220045621733CO-ViMGA141112s2004 ck r 000 u spa d a9682472199 aCO-ViMGAbspacCO-ViMGA04a633.15 L536m1 aLesur, Luis10aManual del cultivo del maíz : bUna guía paso a paso aMexico : bTrillas, c2005 a80 aLa planta del maíz 10 - - Preparación de la tierra 26 - - Control de malezas 49 - - Cosecha del maíz forrajero 75 - - Secado del maíz desgranado 79 14aMAIZ - CULTIVO - MANUALES14aMAIZ - ENFERMEDADES Y PLAGAS14aMAIZ - PRODUCCION